[Event "FRM-chT2"]
[Site "Struga"]
[Date "2024.07.11"]
[Round "6.1"]
[White "Milenkoski, Mile"]
[Black "Micov, Vladimir"]
[Result "0-1"]
[WhiteElo "2010"]
[BlackElo "2233"]
[PlyCount "62"]
[EventDate "2024.07.07"]
[EventType "team-tourn"]
[EventRounds "9"]
[EventCountry "MKD"]
[SourceTitle "EXT 2025"]
[Source "ChessBase"]
[SourceDate "2024.10.14"]
[SourceVersion "1"]
[SourceVersionDate "2024.10.14"]
[SourceQuality "1"]

1. d4 d5 2. c4 e6 3. Nc3 Nf6 4. Nf3 Be7 5. Bg5 0-0 6. e3 Nbd7 7. Bd3 a6 8. 0-0 dxc4 9. Bxc4 b5 10. Bb3 c5 11. dxc5 Nxc5 12. Ne5 Qc7 13. Bf4 Qb6 14. Bc2 b4 15. Na4 Nxa4 16. Bxa4 Rd8 17. Qf3 Bb7 18. Bc6 Nd5 19. Bh6 Bf6 20. Bxb7 Qxb7 21. Ng4 Bxb2 22. Rab1 Bc3 23. Rfc1 f5 24. Rxc3 fxg4 25. Qe4 Qf7 26. Rc6 Nc3 27. Rxc3 bxc3 28. Bg5 Rd5 29. Qxg4 c2 30. Rc1 Qf5 31. Qxf5 exf5 0-1

[Event "FRM-chT2"]
[Site "Struga"]
[Date "2024.07.10"]
[Round "5.1"]
[White "Salihi, Shpend"]
[Black "Micov, Vladimir"]
[Result "0-1"]
[WhiteElo "1971"]
[BlackElo "2233"]
[PlyCount "70"]
[EventDate "2024.07.07"]
[EventType "team-tourn"]
[EventRounds "9"]
[EventCountry "MKD"]
[SourceTitle "EXT 2025"]
[Source "ChessBase"]
[SourceDate "2024.10.14"]
[SourceVersion "1"]
[SourceVersionDate "2024.10.14"]
[SourceQuality "1"]

1. e4 c5 2. Nc3 e6 3. d4 cxd4 4. Qxd4 Nc6 5. Qd3 a6 6. Nf3 Qc7 7. g3 Nf6 8. Bg2 Be7 9. a3 d6 10. 0-0 0-0 11. h3 b5 12. Be3 Bb7 13. Nd4 Ne5 14. Qe2 Rfc8 15. Bd2 Rab8 16. Rfc1 Nc4 17. a4 b4 18. Na2 Nxd2 19. Qxd2 Bxe4 20. Nxb4 Qb7 21. Bxe4 Nxe4 22. Qe3 Bg5 23. f4 Bf6 24. c3 Nxg3 25. Qxg3 Bxd4+ 26. cxd4 Qxb4 27. Qf2 Rxc1+ 28. Rxc1 Qxa4 29. Rc2 Qb5 30. Kh2 g6 31. h4 Qd5 32. Kg3 Rb4 33. Rd2 Rb3+ 34. Kh2 Rf3 35. Qg2 Qe4 0-1

[Event "FRM-chT 19th"]
[Site "Struga"]
[Date "2010.08.10"]
[Round "2"]
[White "Micov, Vladimir"]
[Black "Ilic, Zoran"]
[Result "1/2-1/2"]
[WhiteElo "2268"]
[BlackElo "2280"]
[PlyCount "48"]
[EventDate "2010.08.09"]
[EventType "team"]
[EventRounds "7"]
[EventCountry "MKD"]
[SourceTitle "CBM 137 Extra"]
[Source "ChessBase"]
[SourceDate "2010.09.01"]
[SourceVersion "1"]
[SourceVersionDate "2010.09.01"]
[SourceQuality "1"]

1. d4 Nf6 2. c4 g6 3. Nc3 d5 4. e3 Bg7 5. Nf3 0-0 6. Qb3 dxc4 7. Bxc4 Ne8 8. 0-0 Nd6 9. Be2 Nd7 10. Nb5 c6 11. Nxd6 exd6 12. Bd2 a5 13. Qa3 d5 14. b4 Qe7 15. Qb2 axb4 16. Bxb4 c5 17. Bc3 b6 18. Bb5 Ba6 19. a4 Rfc8 20. Rfb1 Bxb5 21. axb5 c4 22. Ra6 Bf8 23. Rba1 Rab8 24. Ra7 f6 1/2-1/2

[Event "FRM-chT 19th"]
[Site "Struga"]
[Date "2010.08.09"]
[Round "1"]
[White "Veleski, Robert"]
[Black "Micov, Vladimir"]
[Result "1/2-1/2"]
[WhiteElo "2273"]
[BlackElo "2268"]
[PlyCount "28"]
[EventDate "2010.08.09"]
[EventType "team"]
[EventRounds "7"]
[EventCountry "MKD"]
[SourceTitle "CBM 137 Extra"]
[Source "ChessBase"]
[SourceDate "2010.09.01"]
[SourceVersion "1"]
[SourceVersionDate "2010.09.01"]
[SourceQuality "1"]

1. d4 d5 2. c4 e6 3. Nc3 c6 4. cxd5 cxd5 5. Nf3 Nc6 6. Bf4 Bd6 7. Bxd6 Qxd6 8. e3 Nf6 9. Bb5 Bd7 10. 0-0 0-0 11. Rc1 Rfc8 12. a3 a6 13. Bxc6 Rxc6 14. Ne5 Rc7 1/2-1/2

[Event "FRM-chT"]
[Site "Struga"]
[Date "2007.07.29"]
[Round "7"]
[White "Micov, Vladimir"]
[Black "Colovic, Aleksandar"]
[Result "1/2-1/2"]
[WhiteElo "2253"]
[BlackElo "2472"]
[PlyCount "45"]
[EventDate "2007.07.23"]
[EventType "team-tourn"]
[EventRounds "7"]
[EventCountry "MKD"]
[SourceTitle "CBM 119 Extra"]
[Source "ChessBase"]
[SourceDate "2007.09.04"]
[SourceVersion "1"]
[SourceVersionDate "2007.09.04"]
[SourceQuality "1"]

1. c4 c6 2. Nf3 d5 3. e3 Nf6 4. Nc3 e6 5. a3 Nbd7 6. d4 Bd6 7. Be2 0-0 8. 0-0 dxc4 9. Bxc4 b5 10. Bd3 Bb7 11. e4 e5 12. dxe5 Nxe5 13. Nxe5 Bxe5 14. Be3 Ng4 15. Qxg4 Qxd3 16. Rfd1 Qc2 17. Rd2 Qb3 18. Qd1 Qe6 19. Qc2 Qg6 20. Rad1 Bc8 21. f4 Qh6 22. Rf2 Re8 23. Rd3 1/2-1/2

[Event "FRM-chT"]
[Site "Struga"]
[Date "2005.09.02"]
[Round "5"]
[White "Micov, Vladimir"]
[Black "Perunovic, Milos"]
[Result "1/2-1/2"]
[WhiteElo "2243"]
[BlackElo "2559"]
[PlyCount "107"]
[EventDate "2005.08.29"]
[EventType "team-tourn"]
[EventRounds "7"]
[EventCountry "MKD"]
[SourceTitle "CBM 108 Extra"]
[Source "ChessBase"]
[SourceDate "2005.11.04"]
[SourceVersion "1"]
[SourceVersionDate "2005.11.04"]
[SourceQuality "1"]

1. Nf3 Nf6 2. d4 e6 3. c3 c5 4. Bg5 h6 5. Bxf6 Qxf6 6. e3 b6 7. Nbd2 Bb7 8. Bd3 Qd8 9. 0-0 Be7 10. Rc1 0-0 11. Re1 d6 12. Bb1 Nd7 13. Qc2 Nf6 14. Rcd1 Rc8 15. e4 cxd4 16. Nxd4 Re8 17. Nf1 Qc7 18. Ng3 a6 19. Kh1 b5 20. a3 Qc4 21. Nf3 Red8 22. Rd4 Qc5 23. Qe2 Bf8 24. Red1 Re8 25. Nd2 e5 26. Nb3 Qb6 27. R4d2 Rcd8 28. Nh5 Nh7 29. f3 g6 30. Ng3 Nf6 31. Qf2 Qc7 32. Qa7 Rd7 33. Ba2 h5 34. Qf2 d5 35. exd5 Rxd5 36. Ne4 Nxe4 37. fxe4 Rxd2 38. Nxd2 Bc8 39. Nf3 Bh6 40. Bd5 Be6 41. Qe2 Kh7 42. Kg1 Re7 43. Bxe6 Rxe6 44. Rd5 Re7 45. Kf2 Qb6+ 46. Ke1 Rb7 47. Qd3 a5 48. Rxe5 b4 49. axb4 axb4 50. c4 Ra7 51. Rb5 Ra1+ 52. Ke2 Qa7 53. Rxb4 h4 54. Qd4 1/2-1/2

[Event "FRM-chT"]
[Site "Struga"]
[Date "2005.08.30"]
[Round "2"]
[White "Micov, Vladimir"]
[Black "Kukov, Tode"]
[Result "1-0"]
[WhiteElo "2243"]
[BlackElo "2070"]
[PlyCount "84"]
[EventDate "2005.08.29"]
[EventType "team-tourn"]
[EventRounds "7"]
[EventCountry "MKD"]
[SourceTitle "CBM 108 Extra"]
[Source "ChessBase"]
[SourceDate "2005.11.04"]
[SourceVersion "1"]
[SourceVersionDate "2005.11.04"]
[SourceQuality "1"]

1. c4 c6 2. d4 d5 3. Nc3 Nf6 4. Nf3 e6 5. Bg5 h6 6. Bxf6 Qxf6 7. e3 Nd7 8. Be2 Bb4 9. 0-0 0-0 10. Qb3 Bxc3 11. bxc3 b6 12. a4 a5 13. Rfb1 Ba6 14. Ra2 Qf5 15. Rab2 Rfc8 16. h3 Rab8 17. Nd2 Nf6 18. Qd1 Bxc4 19. Bxc4 dxc4 20. Nxc4 Ne4 21. Qe1 b5 22. f3 Qd5 23. Ne5 Nf6 24. c4 Qd8 25. axb5 cxb5 26. cxb5 Qb6 27. Nc6 Rb7 28. Qxa5 Qxa5 29. Nxa5 Rb6 30. e4 Ne8 31. Rb4 Nd6 32. Nc6 Rc7 33. d5 exd5 34. exd5 Rd7 35. Kf2 Nf5 36. g4 Ne7 37. Nxe7+ Rxe7 38. Rc1 Reb7 39. Rc8+ Kh7 40. Rc5 f6 41. Ke3 Kg6 42. Kd3 Kf7 1-0

[Event "FRM-chT Cup"]
[Site "Struga"]
[Date "2005.05.07"]
[Round "4"]
[White "Danchevski, Orce"]
[Black "Micov, Vladimir"]
[Result "1/2-1/2"]
[WhiteElo "2434"]
[BlackElo "2242"]
[PlyCount "94"]
[EventDate "2005.05.04"]
[EventType "team-tourn"]
[EventRounds "5"]
[EventCountry "MKD"]
[SourceTitle "EXT 2006"]
[Source "ChessBase"]
[SourceDate "2005.11.24"]
[SourceVersion "1"]
[SourceVersionDate "2005.11.24"]
[SourceQuality "1"]

1. d4 d5 2. c4 e6 3. Nc3 Be7 4. Nf3 Nf6 5. Bg5 0-0 6. cxd5 Nxd5 7. Bxe7 Qxe7 8. e3 Nxc3 9. bxc3 c5 10. Bd3 Nd7 11. Qc2 Nf6 12. 0-0 b6 13. e4 g6 14. Qd2 Bb7 15. Rfe1 cxd4 16. cxd4 Rfc8 17. Rad1 Rc7 18. Qh6 Rd8 19. e5 Nd7 20. Ng5 Nf8 21. Be4 Bd5 22. Bxd5 exd5 23. Re3 f6 24. exf6 Qxf6 25. Rf3 Qg7 26. Qh4 Re8 27. Re3 Rce7 28. Rde1 Rxe3 29. Rxe3 Rxe3 30. fxe3 Qf6 31. Qg4 Qe7 32. Qf4 Kg7 33. Nf3 h6 34. Kf2 g5 35. Qe5+ Qxe5 36. Nxe5 Ne6 37. Nc6 a6 38. Kf3 Kf6 39. e4 dxe4+ 40. Kxe4 Nc7 41. d5 Nb5 42. Kd3 Nd6 43. a4 h5 44. Kd4 Nf5+ 45. Ke4 Nd6+ 46. Kd4 Nf5+ 47. Ke4 Nd6+ 1/2-1/2

[Event "FRM Cup 11th"]
[Site "Stip"]
[Date "2002.05.10"]
[Round "3"]
[White "Veleski, Robert"]
[Black "Micov, Vladimir"]
[Result "1/2-1/2"]
[WhiteElo "2257"]
[BlackElo "2256"]
[PlyCount "30"]
[EventDate "2002.05.08"]
[EventType "team-tourn"]
[EventRounds "5"]
[EventCountry "MKD"]
[SourceTitle "CBM 088 Extra"]
[Source "ChessBase"]
[SourceDate "2002.07.01"]
[SourceVersion "2"]
[SourceVersionDate "2002.07.01"]
[SourceQuality "1"]

1. d4 d5 2. Nf3 Nf6 3. e3 g6 4. Bd3 Bg7 5. Nbd2 0-0 6. c3 Nbd7 7. e4 dxe4 8. Nxe4 Nxe4 9. Bxe4 Nf6 10. Bc2 b6 11. 0-0 Bb7 12. Re1 Rc8 13. a4 a5 14. Bg5 Re8 15. h3 Qd6 1/2-1/2